<?xml version="1.0" encoding="UTF-8"?>
<record
    xmlns:xsi="http://www.w3.org/2001/XMLSchema-instance"
    xsi:schemaLocation="http://www.loc.gov/MARC21/slim http://www.loc.gov/standards/marcxml/schema/MARC21slim.xsd"
    xmlns="http://www.loc.gov/MARC21/slim">

  <leader>00772nam a22002177a 4500</leader>
  <controlfield tag="005">20240709123830.0</controlfield>
  <datafield tag="010" ind1=" " ind2=" ">
    <subfield code="a">ENG-140845</subfield>
  </datafield>
  <datafield tag="020" ind1=" " ind2=" ">
    <subfield code="c">1150.00</subfield>
    <subfield code="a">9789356062054</subfield>
  </datafield>
  <datafield tag="035" ind1=" " ind2=" ">
    <subfield code="a">EN-124377</subfield>
  </datafield>
  <datafield tag="037" ind1=" " ind2=" ">
    <subfield code="b">DBAD</subfield>
  </datafield>
  <datafield tag="082" ind1=" " ind2=" ">
    <subfield code="a">621.3815</subfield>
    <subfield code="2">12</subfield>
  </datafield>
  <datafield tag="100" ind1=" " ind2=" ">
    <subfield code="a">Widmer, Neal S.</subfield>
    <subfield code="9">68300</subfield>
  </datafield>
  <datafield tag="245" ind1=" " ind2=" ">
    <subfield code="a">Digital System:</subfield>
    <subfield code="b">Principles and Application/</subfield>
    <subfield code="c">By Neal S. Widmer; Greg Moss [and] Ronald J. Tocci</subfield>
  </datafield>
  <datafield tag="250" ind1=" " ind2=" ">
    <subfield code="a">12</subfield>
  </datafield>
  <datafield tag="260" ind1=" " ind2=" ">
    <subfield code="a">New Delhi</subfield>
    <subfield code="b">Pearson</subfield>
    <subfield code="c">2021</subfield>
  </datafield>
  <datafield tag="270" ind1=" " ind2=" ">
    <subfield code="a">15th floor,Tower-B,Word Trade Tower,Plot no.1,Block-C sec 16,</subfield>
    <subfield code="b">Noida</subfield>
    <subfield code="e">201301</subfield>
    <subfield code="k">04466540100</subfield>
    <subfield code="m">companysecretary.india@pearson.com</subfield>
  </datafield>
  <datafield tag="300" ind1=" " ind2=" ">
    <subfield code="a">1024p.</subfield>
    <subfield code="c">25cm(pbk)</subfield>
  </datafield>
  <datafield tag="700" ind1=" " ind2=" ">
    <subfield code="a">Moss, Greg </subfield>
    <subfield code="e">Author</subfield>
    <subfield code="9">68301</subfield>
  </datafield>
  <datafield tag="700" ind1=" " ind2=" ">
    <subfield code="a">Tocci, Ronald J. </subfield>
    <subfield code="e">Author</subfield>
    <subfield code="9">68302</subfield>
  </datafield>
  <datafield tag="942" ind1=" " ind2=" ">
    <subfield code="2">ddc</subfield>
    <subfield code="c">EN</subfield>
    <subfield code="h">621.3815</subfield>
    <subfield code="m">WID</subfield>
    <subfield code="e">12</subfield>
  </datafield>
  <datafield tag="999" ind1=" " ind2=" ">
    <subfield code="c">204059</subfield>
    <subfield code="d">204059</subfield>
  </datafield>
  <datafield tag="952" ind1=" " ind2=" ">
    <subfield code="0">0</subfield>
    <subfield code="1">0</subfield>
    <subfield code="4">0</subfield>
    <subfield code="7">0</subfield>
    <subfield code="8">NFIC</subfield>
    <subfield code="a">NPL</subfield>
    <subfield code="b">NPL</subfield>
    <subfield code="d">2024-07-09</subfield>
    <subfield code="e">DBAD</subfield>
    <subfield code="g">1150.00</subfield>
    <subfield code="l">0</subfield>
    <subfield code="o">621.3815 WID</subfield>
    <subfield code="p">EN-124377</subfield>
    <subfield code="r">2024-07-09 00:00:00</subfield>
    <subfield code="t">1</subfield>
    <subfield code="v">1150.00</subfield>
    <subfield code="w">2024-07-09</subfield>
    <subfield code="y">EN</subfield>
  </datafield>
</record>
